Adaptación del niño al medio social (Record no. 61923)

MARC details
000 -CABECERA
campo de control de longitud fija 00519nam a2200193 a 4500
005 - FECHA Y HORA DE LA ÚLTIMA TRANSACCIÓN
campo de control 20210219152841.0
008 - ELEMENTOS DE LONGITUD FIJA--INFORMACIÓN GENERAL
campo de control de longitud fija 991125n 000 0 spa u
035 ## - NÚMERO DE CONTROL DEL SISTEMA
Número de control de sistema UPN01000062987
100 ## - ASIENTO PRINCIPAL--NOMBRE PERSONAL
Nombre de persona MESTA AGUILAR, María Magdalena
222 ## - TÍTULO CLAVE
Título clave COMUNICACION EDUCATIVA SEP
245 ## - MENCIÓN DE TÍTULO
Título Adaptación del niño al medio social
300 ## - DESCRIPCIÓN FÍSICA
Extensión 21
362 ## - FECHAS DE PUBLICACIÓN Y/O DESIGNACIÓN SECUENCIAL
Fecha de publicación y/o designación secuencial 1984 Año 2, no. 14, jun.
653 0# - TERMINO DE INDIZACION - NO CONTROLADO
Término no controlado ADAPTACION SOCIAL
653 0# - TERMINO DE INDIZACION - NO CONTROLADO
Término no controlado DESARROLLO INFANTIL
653 0# - TERMINO DE INDIZACION - NO CONTROLADO
Término no controlado NIÑOS
904 ## - ELEMENTOS DE DATOS D LOCAL, LDD (RLIN)
a AC
b 000798
905 ## - TIPO DE MATERIAL
Tipo de material Articulo

No items available.